Plant hybrid zones as centers of bibodiversity (Registro nro. 13862)

Detalles MARC
000 -CABECERA
Campo de control 004240000a22001330004500
090 ## - CLASIFICACIÓN LOCAL
Colección AR
Consecutivo 04762
041 0# - IDIOMA
Código de idioma para texto/pista de sonido o título separado
100 1# - ASIENTO PRINCIPAL--NOMBRE PERSONAL
Nombre personal Whitham, Thomas G.
245 10 - MENCION DE TITULO
Título Plant hybrid zones as centers of bibodiversity
Version the herbivore community of two endemic tasmanian eucalypts
700 1# - ASIENTO SECUNDARIO - NOMBRE PERSONAL
Nombre personal Morrow, Patrice A.
700 1# - ASIENTO SECUNDARIO - NOMBRE PERSONAL
Nombre personal Potts, Bradley M.
773 1# - Item fuente:
Título Oecologia
Paginas del Articulo 481-490
Lugar, editorial y fecha de publicación 1994
Información sobre la relación 97
942 ## - ELEMENTOS ADICIONALES (KOHA)
Tipo de ítem Artículo
Existencias
Withdrawn status Lost status Damaged status No para préstamo Colección Ubicación Permanente Ubicación actual Fecha de adquisición Fuente de Valor Datos de publicación Seriada Total Checkouts Número topográfico Inventario / Código de Barras Date last seen Ejemplar Price effective from Forma de adquisición Tipo de material
      No para Préstamo Hemeroteca Bogotá Bogotá 10/06/2010 Escobar Sarria, Federico Fuera de circulación   AR 04762 028129 25/03/2015 1 25/03/2015   Artículo